Compadre Mon / (Registro nro. 7138)

Detalles MARC
000 -LIDER
fixed length control field 00913nam a2200289 a 4500
001 - NÚMERO DE CONTROL
Identificador de número de control 000009127
003 - IDENTIFICACDOR DE NÚMERO DE CONTROL
control field 000009127
005 - DATE AND TIME OF LATEST TRANSACTION
control field 20170925133242.0
008 - ELEMENTOS DE LONGITUD FIJA
fixed length control field 090928s1998 dr 000 p spa d
020 ## - ISBN
International Standard Book Number 8489539626
040 ## - FUENTE DE CATALOGACIÓN
Agencia que crea de manera original el registro BPMSU
Idioma de catalogación spa
Agencia que realiza la transcripción BPMSU
082 04 - NÚMERO DE CLASIFICACIÓN DECIMAL DE DEWEY
Classification number RD861.44
Item number C117c 1998
100 1# - ASIENTO PRINCIPAL -- NOMBRE PERSONAL
Nombre personal Cabral, Manuel del,
Fechas asociadas con el nombre 1907-1999
245 10 - MENCIÓN DE TITULO
Título Compadre Mon /
Mención de responsabilidad Manuel Del Cabral ; edición Diógenes Céspedes.
250 ## - MENCIÓN DE EDICION
Mención de edición 9a ed.
260 ## - PUBLICACIÓN, DISTRIBUCIÓN, ETC. (PIE DE IMPRENTA)
Lugar de publicación, distribución, etc Santo Domingo :
Nombre del editor, distribuidor, etc. Fundación Manuel del Cabral :
-- Editora de Colores,
Fecha de publicación, distribución, etc 1998.
300 ## - DESCRIPCIÓN FÍSICA
Extensión 186 p. :
Dimensiones 21 cm.
440 ## - MENCIÓN DE SERIE/ENTRADA SECUNDARIA--TÍTULO
Nombre de la parte o sección de una obra Obras selectas
Número de la parte o sección de una obra Obras selectas
650 #4 - ENCABEZAMIENTO DE MATERIA--TEMÁTICO
Término temático o nombre geográfico como elemento de entrada POESÍA DOMINICANA
650 #4 - ENCABEZAMIENTO DE MATERIA--TEMÁTICO
Término temático o nombre geográfico como elemento de entrada LITERATURA DOMINICANA
700 12 - ASIENTO SECUNDARIO -- NOMBRE PERSONAL
Nombre personal Céspedes, Diógenes,
Mención de responsabilidad ed.
856 ## - UBICACIÓN ELECTRÓNICA Y ACCESO
Materiales especificados Obras selectas
910 ## - VALIDACIÓN
Validación Validado. Control de calidad MFF
942 ## - ADDED ENTRY ELEMENTS (KOHA)
Source of classification or shelving scheme Dewey Decimal Classification
Koha item type Libros
945 ## - INFORMACIÓN DE PROCESAMIENTO LOCAL
Información de procesamiento local Inventatariado / 2017 VM
956 ## - LOCAL ELECTRONIC LOCATION AND ACCESS (OCLC)
Nombre de host VMATEO
Número de acceso 10
Información de compresión 20150923
Inicio de sesión BPMSU
Procesador de solicitud 0069
Existencias
Withdrawn status Lost status Source of classification or shelving scheme Damaged status Not for loan Collection code Home library Current library Date acquired Source of acquisition Total Checkouts Full call number Barcode Date last seen Price effective from Koha item type Copy number
    Dewey Decimal Classification     Colección Dominicana Biblioteca Pública Metropolitana Salomé Ureña Biblioteca Pública Metropolitana Salomé Ureña 07/14/2014 compra   RD861.44 C117c 1998 BPMSU15040537 07/14/2014 07/14/2014 Libros  
    Dewey Decimal Classification     Colección Dominicana Biblioteca Pública Metropolitana Salomé Ureña Biblioteca Pública Metropolitana Salomé Ureña 07/14/2014 Compra   RD861.44 C117c 1998 BPMSU15040538 07/14/2014 07/14/2014 Libros e. 2
    Dewey Decimal Classification     Colección Dominicana Biblioteca Pública Metropolitana Salomé Ureña Biblioteca Pública Metropolitana Salomé Ureña 07/14/2014 Comprar   RD861.44 C117c 1998 BPMSU15040539 07/14/2014 07/14/2014 Libros e. 3